Breakthrough: (Record no. 10480)

MARC details
000 -LEADER
fixed length control field 00500nam a22001817a 4500
003 - CONTROL NUMBER IDENTIFIER
control field GBCCL
005 - DATE AND TIME OF LATEST TRANSACTION
control field 20241126110733.0
008 - FIXED-LENGTH DATA ELEMENTS--GENERAL INFORMATION
fixed length control field 240812b ||||| |||| 00| 0 eng d
020 ## - INTERNATIONAL STANDARD BOOK NUMBER
International Standard Book Number 3906589048
040 ## - CATALOGING SOURCE
Transcribing agency gbc
082 ## - DEWEY DECIMAL CLASSIFICATION NUMBER
Classification number 266
Item number LAC
245 ## - TITLE STATEMENT
Title Breakthrough:
Remainder of title taking the gospel across forbidden borders /
Statement of responsibility, etc. Rudi Lack with June Dooney
260 ## - PUBLICATION, DISTRIBUTION, ETC.
Place of publication, distribution, etc. Switzerland :
Name of publisher, distributor, etc. GLIFA, Krattigen
Date of publication, distribution, etc. 1999
300 ## - PHYSICAL DESCRIPTION
Extent 266p. ;
650 ## - SUBJECT ADDED ENTRY--TOPICAL TERM
Topical term or geographic name entry element Missionaries
9 (RLIN) 3863
650 ## - SUBJECT ADDED ENTRY--TOPICAL TERM
Topical term or geographic name entry element Missions
9 (RLIN) 885
942 ## - ADDED ENTRY ELEMENTS (KOHA)
Source of classification or shelving scheme Dewey Decimal Classification
Koha item type Books
Holdings
Withdrawn status Lost status Source of classification or shelving scheme Damaged status Not for loan Home library Current Library Shelving location Date acquired Total checkouts Full call number Barcode Date last seen Copy number Price effective from Koha item type
    Dewey Decimal Classification     GRACE BIBLE COLLEGE GRACE BIBLE COLLEGE Ministry & Mission 2024-08-12   266 LAC 020740 2025-05-01 c.1 2024-08-12 Books
© Grace Bible College Library 2025